Návrhy na zlepšenie výrobného procesu vo firme Benteler Automotive SK, s.r.o.

Na minha lista:
Detalhes bibliográficos
Autor principal: Kollmann, Pavol (Author)
Outros Autores: Součková, Ingrid (Thesis advisor)
Formato: Manuscrito Livro
Idioma:eslovaco
Publicado em: 2018
Assuntos:
Acesso em linha:http://is.stuba.sk/zp/portal_zp.pl?podrobnosti=140363
Tags: Adicionar Tag
Sem tags, seja o primeiro a adicionar uma tag!

MARC

LEADER 00000ntm a22000003a 4500
001 stuzp66256
003 SK-STU
005 20180820152859.7
007 ta
008 150427s2015----xo-----f-mn---000-0-slo-d
040 |a STU  |b slo 
041 0 |a slo 
100 1 |a Kollmann, Pavol  |u 020070  |4 aut  |U SjF Strojnícka fakulta  |T SjF Ústav výrobných systémov, enviromentálnej techniky a manažment kvality  |X 62779  |U J0070  |Y 804  |7 62779 
242 0 1 |a Proposals to improve the manufacturing process at Benteler Automotive SK, s.r.o.  |y eng 
245 1 0 |a Návrhy na zlepšenie výrobného procesu vo firme Benteler Automotive SK, s.r.o. 
260 |c 2018 
650 4 |a Material flow  |2 eng 
650 4 |a safety  |2 eng 
650 4 |a automated guided vehicle  |2 eng 
650 4 |a forklift  |2 eng 
650 4 |a layout  |2 eng 
650 4 |a materiálový tok  |2 slo 
650 4 |a automaticky navádzané vozidlo  |2 slo 
650 4 |a vysokozdvižný vozík  |2 slo 
650 4 |a priestorové usporiadanie pracoviska  |2 slo 
650 4 |a bezpečnosť  |2 slo 
700 1 |a Součková, Ingrid  |u 020070  |k Z1  |4 ths  |U SjF Strojnícka fakulta  |T SjF Ústav výrobných systémov, enviromentálnej techniky a manažment kvality  |X 2364  |U J0070  |Y 804  |7 A000002364 
856 4 |u http://is.stuba.sk/zp/portal_zp.pl?podrobnosti=140363 
996 |b 284J045499  |c J* 2859/DDP  |l JJSK  |s A  |a 24  |w stuzp66256_0001